000 00469nam a2200181 a 4500
005 20210219153359.0
008 991125n 000 0 u
035 _aUPN01000095383
100 1 _aFarr, Roger
222 _aREADING TEACHER
245 _aPutting it all together : solving the reading assessment puzzle
300 _a26-37
362 0 _a1992 Vol. 46, no. 1
653 0 _aLECTURA
653 0 _aENTREVISTA
904 _aAC
_b033194
905 _aArticulo
999 _c75472
_d75472